Normal view
MARC view
Entry Personal Name
001 - CONTROL NUMBER
- control field: 73867
003 - CONTROL NUMBER IDENTIFIER
- control field: dpl
005 - DATE AND TIME OF LATEST TRANSACTION
- control field: 20241112120234.0
008 - FIXED-LENGTH DATA ELEMENTS
- fixed length control field: 241112|| aca||aabn | a|a d
040 ## - CATALOGING SOURCE
- Original cataloging agency: dpl
- Transcribing agency: dpl
100 ## - HEADING--PERSONAL NAME
- Personal name: चंद्रशेखर सिंह
670 ## - SOURCE DATA FOUND
- Source citation: Work cat.: (dpl)206957: चंद्रशेखर सिंह , गांधी जी का भारतीय स्वतंत्रता के लिए संघर्ष/, 2022
